Normal view
MARC view
Entry Personal Name
001 - CONTROL NUMBER
- control field: 32646
003 - CONTROL NUMBER IDENTIFIER
- control field: OSt
005 - DATE AND TIME OF LATEST TRANSACTION
- control field: 20260702121254.0
008 - FIXED-LENGTH DATA ELEMENTS
- fixed length control field: 260702|| aca||aabn | a|a d
040 ## - CATALOGING SOURCE
- Original cataloging agency: OSt
- Transcribing agency: OSt
100 ## - HEADING--PERSONAL NAME
- Personal name: Maggie Beattie Roberts(Author)
670 ## - SOURCE DATA FOUND
- Source citation: Work cat.: (OSt)25931: Calkins, Lucy 27666, Research-Based Information Writing: Books, Websites, and Presentations, 2014
